Statistics for Largest cities in Romania

Click here to take the quiz!

General Stats

  • This quiz has been taken 46 times
  • The average score is 4 of 6

Answer Stats

Answer % Correct
Bucharest
100%
Cluj
70%
Timisoara
70%
Iasi
70%
Constanta
61%
Craiova
35%

Score Distribution

Percentile by Number Answered

Percent of People with Each Score

Your Score History

You have not taken this quiz